000 01042cam a2200337 i 4500
001 768714001
003 CO-MdFUSB
005 20210309124445.0
007 ta
008 780602t1921 enk 000 0 engm
010 _a16006222
020 _a[No incluye ISBN]
040 _aDLC
_cCO-MdFUSB
_dm.c.
_dOCL
_dSER
_dCUF
_dUtOrBLW
_bspa
_erda
041 _aeng
082 _223
_a264.03
_bB855
090 _aBX5145
100 _aBrightman, Frank Edward
_eautor
245 1 4 _aThe English rite :
_bbeing a synopsis of the sources and revisions of the Book of common prayer, with an introduction and an appendix;
_c/ Frank Edward Brightman
250 _aSegunda edición revisada
264 1 _aLondon :
_bRivingtons,
_c[1921]
264 4 _c© 1921
300 _a455 páginas ;
_c24 cm.
336 _atexto
_btxt
_2rdacontent.
337 _asin mediación
_bn
_2rdamedia.
338 _avolumen
_bnc
_2rdacarrier.
563 _aTapa dura
653 _aIglesia de Inglaterra
942 _cBK
945 _aJTF-925
999 _c66645
_d66645